One Aston Villa Player by Nation - Statistics

General Stats
  • This quiz has been taken 1,285 times
    686 since last reset
  • The average score is 11 of 21
Answer Stats
Nation Player % Correct
England Gareth Barry | Gabby Agbonlahor | Alan Wright | +122 others
99%
France Charles N'Zogbia | Aly Cissokho | David Ginola | +11 others
89%
Belgium Christian Benteke | Björn Engels | Gilles De Bilde | +3 others
87%
Scotland Alan Hutton | Barry Bannan | Colin Calderwood | +5 others
85%
Spain Carlos Cuéllar | Carles Gil | Antonio Luna | +9 others
85%
Brazil Douglas Luiz | Wesley Moraes | Philippe Coutinho | +1 other
76%
Netherlands George Boateng | Wilfred Bouma | Ron Vlaar | +6 others
71%
Ireland Steve Staunton | Paul McGrath | Ciaran Clark | +15 others
71%
Trinidad and Tobago Dwight Yorke | Jlloyd Samuel
57%
Sweden Olof Mellberg | Marcus Allbäck | Robin Olsen | +2 other
56%
Colombia Juan Pablo Ángel | Carlos Sánchez | Jhon Durán
54%
United States Brad Guzan | Brad Friedel | Eric Lichaj | +2 others
52%
Bulgaria Stiliyan Petrov | Aleksandar Tonev
37%
Norway John Carew | Ronny Johnsen | Øyvind Leonhardsen | +2 others
35%
Wales Mark Delaney | Dean Saunders | James Collins | +3 others
35%
Denmark Thomas Sørensen | Martin Laursen | Jores Okore | +2 others
34%
Czechia Milan Baroš | Patrik Berger | Libor Kozák
25%
Australia Mark Bosnich | Chris Herd | Brett Holman | +1 other
23%
Serbia Savo Milošević | Saša Ćurčić | Kosta Nedeljković
22%
Germany Thomas Hitzlsperger | Stefan Beinlich | Matthias Breitkreutz
19%
Morocco Karim El Ahmadi | Mustapha Hadji | Hassan Kachloul
14%
No matching quizzes found
Score Distribution
Percent of People with Each Score
Percentile by Number Answered
Your Score History
You have not taken this quiz since the last reset